000 00467nam a22001337a 4500
003 NUST
005 20230328114242.0
008 230328b ||||| |||| 00| 0 eng d
082 _a891.4391,MEH
245 _aMatalib-e-Zarb-e-Kalim مطالب ضرب کلیم ارمغانِ حجاز /
_cMoulana Ghulam Rasool Meher مولانا غلام رسول مہر
260 _aLahore, Pakistan.
_bShaikh Ghulam Ali & Sons
300 _a356p.
942 _2ddc
_cBK
_k891.4391,MEH
999 _c594360
_d594360